Central Library OPAC University of Rajshahi

International political science abstracts : (Record no. 35763)

MARC details
000 -LEADER
fixed length control field 02467cam a2200517 a 4500
001 - CONTROL NUMBER
control field 35763
003 - CONTROL NUMBER IDENTIFIER
rucl marc code BD-RjUL
005 - DATE AND TIME OF LATEST TRANSACTION
control field 20211209052356.0
008 - FIXED-LENGTH DATA ELEMENTS--GENERAL INFORMATION
fixed length control field 751101s1953 fr br a 0 a0eng c
035 ## - SYSTEM CONTROL NUMBER
System control number (BD-RjUL)35858
-- (OCoLC)ocm01753679
040 ## - CATALOGING SOURCE
Original cataloging agency MnMULS
Transcribing agency MnMULS
Modifying agency BD-RjUL
Language of cataloging eng
041 0# - LANGUAGE CODE
Language code of text/sound track or separate title eng
-- fre
082 04 - DEWEY DECIMAL CLASSIFICATION NUMBER
Classification number 320.82
Author mark and year UNI V-3 No.3 1953
110 #2 - MAIN ENTRY--CORPORATE NAME
Corporate name or jurisdiction name as entry element Unesco.
9 (RLIN) 147958
245 10 - TITLE STATEMENT
Title International political science abstracts :
Statement of responsibility, etc. International Political Science Association and International Studies Conference; Association internationale de science politique [et] Conférence permanente des hautes études internationales
Remainder of title Documentation politique internationale /
246 31 - VARYING FORM OF TITLE
Title proper/short title Documentation politique internationale
260 ## - PUBLICATION, DISTRIBUTION, ETC. (IMPRINT)
Place of publication, distribution, etc. Paris :
Name of publisher, distributor, etc. Presses universitaires de France,
Date of publication, distribution, etc. 1953-1954
300 ## - PHYSICAL DESCRIPTION
Pagination V. ;
Size 24 cm.
500 ## - GENERAL NOTE
General note Title from cover.
504 ## - BIBLIOGRAPHY, ETC. NOTE
Bibliography, etc Includes index.
515 0# - NUMBERING PECULIARITIES NOTE
Numbering peculiarities note Vol. 1-- Vol 3- Vol 4 --
550 ## - ISSUING BODY NOTE
Issuing body note Vols. for 1951- published with the assistance of Unesco and the Co-ordinating Committee on Documention in the Social Sciences; for <1974- > published by the International Political Science Association in co-operation with the International Committee for Social Sciences Documentation.
650 #0 - SUBJECT ADDED ENTRY--TOPICAL TERM
Topical term or geographic name as entry element Political science
Form subdivision Abstracts.
9 (RLIN) 108929
Topical term or geographic name as entry element World politics
Chronological subdivision 1945-1989
Form subdivision Abstracts.
9 (RLIN) 108930
Topical term or geographic name as entry element World politics
Chronological subdivision 1989-
Form subdivision Abstracts.
9 (RLIN) 108931
Topical term or geographic name as entry element International law
Form subdivision Abstracts.
9 (RLIN) 108932
Topical term or geographic name as entry element Politieke wetenschappen.
Source of heading or term gtt
9 (RLIN) 4432
Topical term or geographic name as entry element Science politique
Form subdivision Résumés analytiques.
9 (RLIN) 108933
Topical term or geographic name as entry element POLITICAL SCIENCE.
Source of heading or term unbist
9 (RLIN) 108934
Topical term or geographic name as entry element WORLD POLITICS.
Source of heading or term unbist
9 (RLIN) 108935
Topical term or geographic name as entry element INTERNATIONAL LAW.
Source of heading or term unbist
9 (RLIN) 108936
Topical term or geographic name as entry element ABSTRACTS.
Source of heading or term unbist
9 (RLIN) 33223
710 2# - ADDED ENTRY--CORPORATE NAME
Corporate name or jurisdiction name as entry element International Political Science Association.
9 (RLIN) 108245
Corporate name or jurisdiction name as entry element Unesco.
9 (RLIN) 108937
Corporate name or jurisdiction name as entry element Co-ordinating Committee on Documentation in the Social Sciences.
9 (RLIN) 108938
Corporate name or jurisdiction name as entry element International Committee for Social Sciences Documentation.
9 (RLIN) 108939
711 2# - ADDED ENTRY--MEETING NAME
Meeting name or jurisdiction name as entry element International Studies Conference.
9 (RLIN) 108940
776 1# - ADDITIONAL PHYSICAL FORM ENTRY
Title International political science abstracts (CD-ROM)
Record control number (OCoLC)35861806
Title International political science abstracts (Online)
International Standard Serial Number 1751-9292
942 ## - ADDED ENTRY ELEMENTS (KOHA)
Source of classification or shelving scheme Dewey Decimal Classification
Koha item type Books
Holdings
Lost status Source of classification or shelving scheme Damaged status Not for loan Collection code Permanent Location Current Location Shelving location Date acquired Source of acquisition Cost, normal purchase price Total Checkouts Full call number Date last seen Copy number Koha item type
  Dewey Decimal Classification   Not For Loan Non-fiction Central Library, University of Rajshahi Central Library, University of Rajshahi Reading Room 05/05/1955 Feroz sons 3.80   320.82 UNI V-3 No.3 1953 08/06/2014 C-1 Books
  Dewey Decimal Classification     Non-fiction Central Library, University of Rajshahi Central Library, University of Rajshahi   05/05/1955 Feroz sons 3.80   320.82 UNI V-4 No.3 1954 18/08/2016 C-2 Books